[Event "TUR-chT2"]
[Site "Konya"]
[Date "2018.07.11"]
[Round "2.10"]
[White "Bicaklioglu, Dilara"]
[Black "Soydemir, Ece Berra"]
[Result "1-0"]
[WhiteElo "1185"]
[BlackElo "1130"]
[PlyCount "117"]
[EventDate "2018.07.10"]
[EventType "team-swiss"]
[EventRounds "9"]
[EventCountry "TUR"]
[SourceTitle "EXT 2019"]
[Source "ChessBase"]
[SourceDate "2018.10.10"]
[SourceVersion "1"]
[SourceVersionDate "2018.10.10"]
[SourceQuality "1"]
[WhiteTeam "Yalova Beyaz Fil"]
[BlackTeam "Bursa Uludag"]
[WhiteTeamCountry "TUR"]
[BlackTeamCountry "TUR"]

1. e4 c5 2. Nf3 e6 3. c3 Nf6 4. Qc2 Nc6 5. d4 cxd4 6. cxd4 Be7 7. Bd2 0-0 8. Bd3 h6 9. a3 b6 10. 0-0 Bb7 11. Nc3 Rc8 12. Qc1 Na5 13. Bxh6 Ng4 14. Bxg7 Kxg7 15. Qf4 Nh6 16. Qg3+ Kh8 17. Qh3 Kg7 18. e5 Rh8 19. Rae1 Nc4 20. Be4 Ba6 21. b4 b5 22. Ne2 d6 23. Nf4 Bg5 24. Qg3 Kf8 25. Nxg5 Ke8 26. Rd1 Rg8 27. Nfh3 d5 28. Bh7 Rg7 29. f4 Rc7 30. Rf3 Nf5 31. Bxf5 exf5 32. Qh4 Kd7 33. Qh5 Kc8 34. Rg3 Qg8 35. Rdd3 Nb2 36. Rdf3 Rc1+ 37. Rf1 Rxf1+ 38. Kxf1 Bb7 39. Ng1 Na4 40. Ne2 Bc6 41. Nc3 Nxc3 42. Rxc3 Kb7 43. Qh3 Bd7 44. Qf3 Be6 45. Qd3 a6 46. Qc2 Qd8 47. Rc6 Qd7 48. Rd6 Qe8 49. Qc5 Rg6 50. Qb6+ Ka8 51. Rd8+ Qxd8 52. Qxd8+ Kb7 53. Qe7+ Kb8 54. Nxf7 Bxf7 55. Qxf7 Rb6 56. e6 Rb7 57. Qxf5 Ka7 58. Qf8 Kb6 59. Qc5# 1-0

[Event "EU-ch Amateur 1700 (Women)"]
[Site "Niksic"]
[Date "2018.06.19"]
[Round "7"]
[White "Andjelic, Nikolina"]
[Black "Soydemir, Ece Berra"]
[Result "1/2-1/2"]
[WhiteElo "1326"]
[BlackElo "1057"]
[PlyCount "72"]
[EventDate "2018.06.14"]
[EventType "swiss"]
[EventRounds "9"]
[EventCountry "MNE"]
[SourceTitle "EXT 2019"]
[Source "ChessBase"]
[SourceDate "2018.10.10"]
[SourceVersion "1"]
[SourceVersionDate "2018.10.10"]
[SourceQuality "1"]

1. e4 c5 2. Nf3 g6 3. Nc3 Bg7 4. Bc4 Nf6 5. 0-0 0-0 6. d4 cxd4 7. Nxd4 Nc6 8. Nf3 d6 9. h3 Na5 10. Bd3 Be6 11. Re1 Nc4 12. Nd4 Qc8 13. Nxe6 Qxe6 14. Bxc4 Qxc4 15. Qd3 Qc6 16. Bf4 Rfd8 17. Rad1 Qb6 18. b3 Nh5 19. Bd2 e6 20. Ne2 d5 21. Nf4 Bd4 22. Be3 Nxf4 23. Qxd4 Qxd4 24. Bxd4 Nh5 25. g4 Ng7 26. Bxg7 Kxg7 27. exd5 Rxd5 28. Rxd5 exd5 29. Re7 b6 30. Rd7 a5 31. Rxd5 Rc8 32. c4 Rc5 33. Rxc5 bxc5 34. Kf1 Kf6 35. Ke2 Ke5 36. Ke3 g5 1/2-1/2